Pohoda bola veľká

Bibliographic Details
Main Author: Weisenbacher, Peter (Author)
Format: Article
Language:Slovak
PhysicalDescription:Fotogr.
ISSN:1335-468X
Subjects:

MARC

LEADER 00000nab a2200000 ar4500
001 vtls009088549
003 SK-MaSNL
005 20260303210325.0
008 070822c2007 xo wr|p|||||||000 b|slo
015 |a SNBRB2007/08  |2 snkbucl 
040 |a SNKBUCL  |b slo  |c SNKBUCL  |e AACR2 
041 0 |a slo 
044 |a xo  |c SK 
080 |a 78.079:784.66  |2 2001 
080 |a 784.66  |2 2001 
100 1 |a Weisenbacher, Peter  |4 aut  |9 795689 
245 1 0 |a Pohoda bola veľká  |c Peter Weisenbacher 
300 |b Fotogr. 
611 2 7 |a Bažant Pohoda  |n (11. :  |d 2007 :  |c Trenčín, Slovensko)  |2 snkbucl  |9 1060806 
650 0 7 |a hudobné festivaly  |2 snkbucl  |9 2958 
651 7 |a Trenčín (Slovensko)  |2 snkbucl  |9 159956 
773 0 |t Slovo : spoločensko-politický týždenník  |g Roč. IX, č. 30 (2007), s. 16  |x 1335-468X 
852 |a SNK  |b KIS3GCP 
958 |a SK 
999 |c 2199788  |d 2201718